Signo de los tiempos

Salvato in:
Dettagli Bibliografici
Ente Autore: Visión y proyección del Concilio Vaticano II (Autore)
Natura: Libro
Lingua:spagnolo
Pubblicazione: Santiago Del Pacífico 1966
Soggetti:
Tags: Aggiungi Tag
Nessun Tag, puoi essere il primo ad aggiungerne!!

MARC

LEADER 00000nam a2200000 a 4500
001 UCI3556
003 CL-VaPUC
008 071109e19660000CL |||||||||||||||||spa|d
082 0 4 |a 234.16  |b VIS  |2 21 
110 2 |a Visión y proyección del Concilio Vaticano II  |e author  |9 524930 
245 1 0 |a Signo de los tiempos 
300 |a 368 p 
942 |c BK 
945 |d 20071109 00:00:00  |a jtorresc 
260 |a Santiago  |b Del Pacífico  |c 1966 
650 0 |a Teología pastoral   |9 257832 
650 0 |a Catolicismo  |9 258690 
650 0 |a Sacramentos   |9 257270 
583 |a last modification  |c 20071109 00:00:00  |k Rodrigo Vera 
999 |c 327704  |d 327702 
952 |0 0  |1 0  |4 0  |6 234_160000000000000_VIS_1966  |7 0  |8 A  |9 410911  |a BIBTEO  |b BIBTEO  |d 2019-11-22  |i 4386744  |o 234.16 VIS 1966  |p 4386744  |r 2025-01-17  |w 2019-11-22  |y BK  |k ICR